Statistics for Elements Named after Solar System Objects

Click here to take the quiz!

General Stats

  • This quiz has been taken 23 times
  • The average score is 5 of 10

Answer Stats

HintAnswer% Correct
UranusUranium
91%
MercuryMercury
86%
PlutoPlutonium
86%
NeptuneNeptunium
77%
Sun (Helios)Helium
50%
CeresCerium
32%
TitanTitanium
27%
Moon (Selene)Selenium
18%
PallasPalladium
14%
Earth (Tellus)Tellurium
14%

Score Distribution

Percentile by Number Answered

Percent of People with Each Score

Your Score History

You have not taken this quiz